|
|
|
|
| LEADER |
00000nab a2200000 a 4500 |
| 001 |
vtls011102914 |
| 003 |
SK-MaSNL |
| 005 |
20260304234813.0 |
| 008 |
230222|1967 xo |||||||||||||||||slo| |
| 015 |
|
|
|a SNBRB
|
| 035 |
|
|
|a (uuid)c49a821b-825b-4b7f-b905-ff132d63ae8d
|
| 035 |
|
|
|a (urnnbn)urn:nbn:sk:snk:ar-a082w1
|
| 035 |
|
|
|a urn:nbn:sk:snk-ab99jy
|
| 040 |
|
|
|a SNKBUCL
|b slo
|c SNKBUCL
|e AACR2
|
| 041 |
0 |
|
|a slo
|
| 044 |
|
|
|a xo
|c SK
|
| 100 |
1 |
|
|a Böhmer, Miloslav,
|d 1927-1999
|4 aut
|9 41554
|
| 245 |
1 |
0 |
|a Problémy našej Kremnice
|c Miloslav Böhmer
|
| 773 |
0 |
|
|t Svet vedy : populárnovedecký mesačník SAV a Čs. spoločnosti pre šírenie politických a vedeckých poznatkov
|g Roč. 14, č. 10 (1967), s. 607-608
|
| 954 |
|
|
|a odborná, vedecká literatúra pôvodná (slovenská)
|2 lita
|
| 958 |
|
|
|a OND
|
| 958 |
|
|
|a EUIPO
|
| 958 |
|
|
|a article13
|
| 999 |
|
|
|c 3205641
|d 3207571
|